Slime Rancher Map Quiz - Statistics

General Stats
  • This quiz has been taken 182 times
  • The average score is 9 of 19
Answers on the Map
Answers color-coded by a green-red scale on the quiz's map according to % correct below.
 
Answer Stats
Answer % Correct
The Glass Desert
69%
The Grotto
65%
The Lab
64%
The Ancient Ruins
63%
The Indigo Quarry
63%
The Ranch
62%
The Docks
60%
The Dry Reef
60%
The Moss Blanket
60%
The Overgrowth
49%
Viktor's Workshop
49%
Ash Isle
45%
Ring Island
45%
The Slimeulation
36%
The Wilds
34%
Moustache Island
30%
Mochi's Manor
28%
Nimble Valley
27%
Ogden's Retreat
26%
No matching quizzes found
Score Distribution
Percent of People with Each Score
Percentile by Number Answered
Your Score History
You have not taken this quiz